[Event "ICS unrated blitz match"]
[Site "207.99.83.227"]
[Date "1999.05.20"]
[Round "?"]
[White "Hossa"]
[Black "DiepX"]
[Result "1/2-1/2"]
[WhiteElo "2515"]
[BlackElo "2651"]
[PlyCount "201"]

1. c4 Nf6 2. d4 e6 3. Nc3 Bb4 4. Bg5 h6 5. Bh4 c5 6. e3 Nc6 7. Nf3 g5 8. Bg3
Ne4 9. Qd3 Qa5 10. Rc1 f5 11. d5 Qxa2 12. Rc2 Bxc3+ 13. bxc3 Qa1+ 14. Ke2 Na5
15. Nd2 Qa4 16. Nxe4 fxe4 17. Qxe4 Qxc4+ 18. Qxc4 Nxc4 19. dxe6 d5 20. Kd1 Bxe6
21. Bxc4 dxc4 22. h4 Ke7 23. hxg5 hxg5 24. Rxh8 Rxh8 25. Ra2 a6 26. Ra5 Rc8 27.
e4 Kf6 28. Bd6 Rd8 29. e5+ Kf5 30. Rxc5 Rh8 31. Ke2 Rh1 32. Rc7 b6 33. Rc6 Rb1
34. Bc7 Rb2+ 35. Ke3 g4 36. Bxb6 g3 37. fxg3 Rxg2 38. Bd4 Rxg3+ 39. Kf2 Rg2+
40. Kxg2 Bd5+ 41. Kf2 Bxc6 42. Ke2 Be4 43. Kd2 a5 44. Kc1 Bf3 45. Kc2 Ke6 46.
Kb1 Kd5 47. Ka2 Bg4 48. Ka3 Bd1 49. Kb2 Ke6 50. Ka3 a4 51. Kb4 Bb3 52. Ka3 Bc2
53. Kb4 Kd5 54. Ka3 Bb3 55. Kb2 Bd1 56. Ka2 Ke6 57. Ka3 Kd5 58. Kb2 Bg4 59. Ka2
Kc6 60. Ka3 Kb5 61. Be3 Be6 62. Bg5 Bf7 63. Kb2 Bg8 64. Be7 Be6 65. Bd6 Bd7 66.
Ka3 Bg4 67. Bb4 Be6 68. Be7 Bg4 69. Bg5 Bd7 70. Bf6 Bc8 71. Ka2 Bf5 72. Kb2 Be6
73. Be7 Bd7 74. Bd8 Kc6 75. Bf6 Kc5 76. Ka2 Kc6 77. Bg7 Kd5 78. Ka3 Bb5 79. Kb4
Bc6 80. Bf6 Bd7 81. Ka3 Kc5 82. Bd8 Kb5 83. Bh4 Bc8 84. Bf6 Bf5 85. Be7 Bh7 86.
Bb4 Bg8 87. Bf8 Bd5 88. Kb2 Bf7 89. Bg7 Be6 90. Ka3 Bf5 91. Bh8 Ka5 92. Ka2 Bg4
93. Bf6 Bd7 94. Bg5 Be6 95. Kb2 Bh3 96. Bf4 Bc8 97. Ka3 Kb5 98. Bh6 Bf5 99. Bf4
Bd7 100. Bg5 Be6 101. Bf6 {Game drawn by the 50 move rule} 1/2-1/2

[Event "ICS Unrated blitz match"]
[Site "207.99.83.227"]
[Date "1999.05.20"]
[Round "?"]
[White "DiepX"]
[Black "Hossa"]
[Result "1-0"]
[WhiteElo "2651"]
[BlackElo "2515"]
[PlyCount "74"]

1. e4 c5 2. Nf3 Nc6 3. d4 cxd4 4. Nxd4 Nf6 5. Nc3 e6 6. Ndb5 Bb4 7. a3 Bxc3+ 8.
Nxc3 d5 9. exd5 exd5 10. Bd3 O-O 11. O-O d4 12. Ne2 Qb6 13. Bg5 Qxb2 14. Bxf6
gxf6 15. Qd2 Qb6 16. Qh6 f5 17. Rfe1 Rb8 18. Nf4 Nd8 19. Qg5+ Kh8 20. Qe7 Ne6
21. Rxe6 Qd8 22. Ree1 f6 23. Nh5 Qxe7 24. Rxe7 a5 25. Rb1 b6 26. g3 Kg8 27. Kf1
Kh8 28. Ke1 Kg8 29. Kd2 a4 30. Rb4 Rb7 31. Rxb7 Bxb7 32. Rxb6 Bf3 33. Nxf6+ Kg7
34. Nd7 Re8 35. Rb4 Bc6 36. Bxf5 Bf3 37. Bd3 37... Bc6 {Hossa resigns} 1-0

[Event "ICS Unrated blitz match"]
[Site "207.99.83.227"]
[Date "1999.05.20"]
[Round "?"]
[White "Hossa"]
[Black "DiepX"]
[Result "0-1"]
[WhiteElo "2515"]
[BlackElo "2651"]
[PlyCount "149"]

1. c4 Nf6 2. Nf3 e6 3. Nc3 Bb4 4. Qc2 O-O 5. a3 Bxc3 6. Qxc3 b6 7. b4 Bb7 8.
Bb2 d6 9. e3 Nbd7 10. Be2 c5 11. O-O Qe7 12. Rae1 d5 13. Ng5 cxb4 14. axb4 dxc4
15. Bxc4 Rac8 16. b5 Qc5 17. Nxe6 fxe6 18. Bxe6+ Kh8 19. Bxd7 Qxc3 20. Bxc3
Nxd7 21. Ra1 Ra8 22. d3 a6 23. bxa6 Bxa6 24. Rfd1 Nc5 25. Bb4 Bxd3 26. Rac1
Rfc8 27. f3 Ba6 28. Rc3 Bb7 29. e4 Na6 30. Rxc8+ Rxc8 31. Be7 Nc5 32. h4 Ne6
33. Rd6 Rc6 34. Kf2 Kg8 35. Rxc6 Bxc6 36. Ke3 Kf7 37. Bd6 h5 38. Bb8 Kf6 39.
Bd6 Nc5 40. Kd4 Nd7 41. Kc4 Ke6 42. Bc7 Ba4 43. Kd4 b5 44. Ba5 Ne5 45. Bc3 Nc4
46. Be1 Bc2 47. Kc5 Ne3 48. Kxb5 Nxg2 49. Bg3 Bd1 50. Kc4 Be2+ 51. Kd4 Bxf3 52.
Bf2 Bd1 53. Kd3 Nf4+ 54. Kd4 Bc2 55. Ke3 Nh3 56. Bg3 g5 57. Bc7 g4 58. Bh2 Bb1
59. e5 Kf5 60. Kd2 Nf2 61. Kc3 Nd3 62. Kd4 Ne1 63. Bg3 Nf3+ 64. Kd5 Ba2+ 65.
Kd6 Nd2 66. Ke7 Ne4 67. Bh2 g3 68. Bg1 Nd2 69. Bc5 g2 70. Kf8 Nf3 71. Bb6 Nxh4
72. Ke7 Kxe5 73. Bc5 Nf3 74. Bd6+ Kd5 75. Bf4 {Hossa resigns} 0-1

[Event "ICS unrated blitz match"]
[Site "207.99.83.227"]
[Date "1999.05.20"]
[Round "?"]
[White "DiepX"]
[Black "Hossa"]
[Result "1-0"]
[WhiteElo "2651"]
[BlackElo "2515"]
[PlyCount "165"]

1. e4 c5 2. Nf3 Nc6 3. d4 cxd4 4. Nxd4 e5 5. Nb5 d6 6. N1c3 a6 7. Na3 b5 8. Nd5
Nce7 9. c4 Nxd5 10. cxd5 Nf6 11. Bd3 Be7 12. O-O O-O 13. Be3 Bg4 14. f3 Bh5 15.
Rc1 Qd7 16. Rc6 Bg6 17. Qc2 Bd8 18. Rc1 Bh5 19. Qc3 Bg6 20. Nb1 Ne8 21. Qa3 Qb7
22. Nd2 f5 23. exf5 Bxf5 24. Bxf5 Rxf5 25. Ne4 Be7 26. Qa5 Bf8 27. b3 Qf7 28.
Ng3 Rf6 29. Rd1 Qb7 30. Ne4 Rf7 31. Qc3 Qd7 32. Ng5 Re7 33. Ne6 Nf6 34. Rd2 Rf7
35. Qd3 Be7 36. Nc7 Rb8 37. Nxa6 Rb7 38. Rdc2 Bd8 39. Rc8 Rf8 40. Nb8 Qf7 41.
Nc6 Bb6 42. Rxf8+ Kxf8 43. Bxb6 Rxb6 44. Nb4 Rb8 45. Rc6 Qa7+ 46. Kf1 Qa5 47.
Qc3 Rd8 48. Rc7 Qa8 49. Qc6 Ne8 50. Rb7 Rb8 51. Rxb8 Qxb8 52. Qa6 Qc7 53. Nc6
Qf7 54. Qxb5 Qf4 55. Qa5 Qxh2 56. Qd8 Qh5 57. a4 Qf7 58. b4 e4 59. Kf2 h5 60.
b5 exf3 61. gxf3 h4 62. Qxh4 Nf6 63. Qh8+ Ng8 64. Qh3 Qf4 65. Qc8+ Kf7 66. Qe6+
Kf8 67. a5 Nf6 68. b6 Qd2+ 69. Qe2 Qxd5 70. b7 Qc5+ 71. Ke1 Qg1+ 72. Kd2 Qg5+
73. Qe3 Qg2+ 74. Ke1 Qh1+ 75. Ke2 Nd7 76. Qf4+ Kg8 77. Ne7+ Kh8 78. b8=Q+ Nxb8
79. Qf8+ Kh7 80. Qg8+ Kh6 81. Qh8+ Kg5 82. Qxg7+ Kh4 83. Qg4# {Hossa checkmated
} 1-0

[Event "ICS unrated blitz match"]
[Site "207.99.83.227"]
[Date "1999.05.20"]
[Round "?"]
[White "Hossa"]
[Black "DiepX"]
[Result "0-1"]
[WhiteElo "2515"]
[BlackElo "2651"]
[PlyCount "68"]

1. e4 e5 2. Nf3 Nc6 3. Bc4 Nf6 4. d3 Bc5 5. O-O d6 6. Nc3 Bg4 7. Na4 Nd4 8.
Nxc5 Bxf3 9. Nxb7 Qd7 10. gxf3 Qh3 11. Bb5+ Ke7 12. Na5 Nxf3+ 13. Qxf3 Qxf3 14.
Bc6 Qg4+ 15. Kh1 Rab8 16. Ba4 Qf3+ 17. Kg1 Ke6 18. Bb3+ Kd7 19. Ba4+ Kc8 20.
Nc6 Rb7 21. Be3 Qg4+ 22. Kh1 Qf3+ 23. Kg1 Nh5 24. Bb5 Nf4 25. Bxf4 Qxf4 26. Ba6
Qg4+ 27. Kh1 Qf3+ 28. Kg1 h5 29. Na5 Rh6 30. Bxb7+ Kd7 31. Bc6+ Ke7 32. Rfd1
Qe2 33. Ba4 Rg6+ 34. Kh1 34... Qf3# {Hossa checkmated} 0-1

[Event "ICS Rated blitz match"]
[Site "207.99.83.227"]
[Date "1999.05.20"]
[Round "?"]
[White "Amateur"]
[Black "Hossa"]
[Result "1/2-1/2"]
[WhiteElo "2571"]
[BlackElo "2515"]
[PlyCount "182"]

1. c4 g6 2. e4 Bg7 3. d4 d6 4. Nc3 Nf6 5. Be2 O-O 6. Bf4 c5 7. dxc5 dxc5 8. e5
Nfd7 9. Nf3 Nc6 10. Qd5 Ncxe5 11. Nxe5 Nxe5 12. Bxe5 Qxd5 13. Nxd5 Bxe5 14.
Nxe7+ Kh8 15. Nxc8 Bxb2 16. Rb1 Bc3+ 17. Kf1 Raxc8 18. Rxb7 Rb8 19. Rb3 Rxb3
20. axb3 Rd8 21. h4 Rd2 22. Rh3 Bd4 23. g4 Kg7 24. g5 Rb2 25. Rd3 a5 26. f4 f6
27. Ke1 h6 28. Rh3 hxg5 29. hxg5 Kf7 30. Bf3 fxg5 31. fxg5 Bc3+ 32. Kd1 Kg7 33.
Bd5 Bd2 34. Rh2 Bc1 35. Rxb2 Bxb2 36. Kd2 Kf8 37. Bf3 Ke7 38. Bd5 Kd6 39. Bf7
Ke5 40. Bxg6 Kf4 41. Bh7 Kxg5 42. Ke3 Kf6 43. Kf4 Bc3 44. Ke4 Be1 45. Bf5 Bb4
46. Bc8 Kf7 47. Bh3 Ke7 48. Ke5 Ba3 49. Bg2 Kd7 50. Be4 Bb4 51. Bf3 Bc3+ 52.
Kd5 Bd4 53. Be4 Bf2 54. Bf3 Be3 55. Be4 Bd4 56. Bg2 Kc7 57. Bf1 Kb7 58. Be2 Kb6
59. Bg4 Bc3 60. Bf5 Be1 61. Bd3 Bf2 62. Ke5 Kc6 63. Be4+ Kd7 64. Bf3 Bd4+ 65.
Kd5 Bg1 66. Bh5 Kc7 67. Bf3 Bf2 68. Be4 Kb6 69. Bh7 Be3 70. Be4 Bd4 71. Bf5 Kc7
72. Bd3 Bg1 73. Be4 Bf2 74. Ke5 Be3 75. Bf3 Bd2 76. Be4 Kd7 77. Kd5 Bb4 78.
Bf5+ Ke7 79. Be6 Kf6 80. Bh3 Kg5 81. Ke5 Bc3+ 82. Kd5 Kh4 83. Bd7 Bb4 84. Bf5
Kg5 85. Ke4 Kh5 86. Kd5 Kh4 87. Bd7 Kg3 88. Be8 Kf4 89. Bg6 Kg5 90. Bd3 Kg4 91.
Bg6 91... Kf4 {Game drawn by the 50 move rule} 1/2-1/2

[Event "ICS Rated blitz match"]
[Site "207.99.83.227"]
[Date "1999.05.20"]
[Round "?"]
[White "lraj"]
[Black "Hossa"]
[Result "1-0"]
[WhiteElo "2130"]
[BlackElo "2518"]
[PlyCount "48"]

1. e4 e5 2. Nf3 Nc6 3. Bc4 Nf6 4. Ng5 d5 5. exd5 Na5 6. Bb5+ c6 7. dxc6 bxc6 8.
Be2 h6 9. Nh3 Bxh3 10. gxh3 Bd6 11. d3 O-O 12. Nc3 Bb4 13. Bd2 Nd5 14. Nxd5
Bxd2+ 15. Qxd2 cxd5 16. Rg1 Qb6 17. O-O-O Rab8 18. c3 Qxf2 19. Qxh6 g6 20. Rdf1
Qxe2 21. Rxg6+ fxg6 22. Qxg6+ Kh8 23. Qh6+ Kg8 24. Rg1+ 24... Kf7 {
Hossa resigns} 1-0

[Event "ICS rated standard match"]
[Site "207.99.83.227"]
[Date "1999.05.20"]
[Round "?"]
[White "Mofongo"]
[Black "Hossa"]
[Result "1-0"]
[WhiteElo "2586"]
[BlackElo "2255"]
[PlyCount "33"]

1. e4 e5 2. Nf3 Nc6 3. Bc4 Nf6 4. Ng5 d5 5. exd5 Nxd5 6. d4 exd4 7. O-O f6 8.
Re1+ Be7 9. Ne4 f5 10. Ng5 Qd6 11. Na3 Qc5 12. c3 O-O 13. cxd4 Qa5 14. Bd2 Bb4
15. Bxb4 Ncxb4 16. Qh5 Na6 17. Qxh7# {Hossa checkmated} 1-0

[Event "ICS rated standard match"]
[Site "207.99.83.227"]
[Date "1999.05.20"]
[Round "?"]
[White "Hossa"]
[Black "CUTHISKING"]
[Result "1-0"]
[WhiteElo "2251"]
[BlackElo "2200"]
[PlyCount "41"]

1. e4 c5 2. Nf3 d6 3. c3 Nc6 4. d4 cxd4 5. cxd4 e6 6. Nc3 a6 7. Be2 g6 8. O-O
Bg7 9. d5 Nce7 10. Bg5 Nf6 11. Qa4+ Bd7 12. Qb4 Qc7 13. Rac1 Rc8 14. Nb5 Qxc1
15. Nxd6+ Kf8 16. Bxc1 Rxc1 17. Rxc1 exd5 18. e5 Ne8 19. Nxe8 Bxe8 20. Rc7 Bc6
21. Qxe7+ {CUTHISKING resigns} 1-0

[Event "ICS rated standard match"]
[Site "207.99.83.227"]
[Date "1999.05.20"]
[Round "?"]
[White "PatrickBateman"]
[Black "Hossa"]
[Result "0-1"]
[WhiteElo "2131"]
[BlackElo "2252"]
[PlyCount "94"]

1. e4 c5 2. Nc3 e6 3. g3 d5 4. exd5 exd5 5. Bg2 Nf6 6. d3 d4 7. Ne4 Nxe4 8.
dxe4 Bd6 9. Ne2 f5 10. Bf4 fxe4 11. Bxe4 Qe7 12. Bg2 Bxf4 13. gxf4 Bg4 14. h3
Bh5 15. Qd3 O-O 16. Bd5+ Kh8 17. Qe4 Re8 18. Qxe7 Rxe7 19. f3 Nd7 20. Kf2 Nf6
21. Bc4 Re3 22. Ng1 Rae8 23. h4 Bg6 24. Rc1 R8e7 25. Ne2 Bf7 26. Bxf7 Rxe2+ 27.
Kf1 R2e3 28. Bc4 Rxf3+ 29. Kg2 Rxf4 30. Rce1 Rxe1 31. Rxe1 Rxh4 32. Re7 g5 33.
Rxb7 Ng4 34. Bd3 Ne3+ 35. Kg3 c4 36. Be2 Nf5+ 37. Kg2 Re4 38. Bf3 Nh4+ 39. Kg3
Re3 40. Rf7 h5 41. Kf2 Rxf3+ 42. Rxf3 Nxf3 43. Kxf3 g4+ 44. Kg3 d3 45. cxd3
cxd3 46. Kf2 g3+ 47. Kxg3 47... d2 {PatrickBateman resigns} 0-1

[Event "ICS rated standard match"]
[Site "207.99.83.227"]
[Date "1999.05.20"]
[Round "?"]
[White "Hossa"]
[Black "BDrag"]
[Result "1-0"]
[WhiteElo "2262"]
[BlackElo "2210"]
[PlyCount "77"]

1. e4 c5 2. Nf3 Nc6 3. d4 cxd4 4. Nxd4 Qc7 5. Nc3 e6 6. Be3 a6 7. Bd3 b5 8. O-O
Nf6 9. a4 b4 10. Nce2 Bb7 11. Nf3 d5 12. exd5 Nxd5 13. Bd2 Bd6 14. Qb1 Ne5 15.
Nxe5 Bxe5 16. f4 Bd6 17. c3 bxc3 18. bxc3 Nf6 19. Qc2 Rc8 20. Nd4 Bc5 21. Qb2
O-O 22. Rad1 Ng4 23. Rb1 Rb8 24. Qc2 Rfc8 25. Bxh7+ Kh8 26. Qd1 f5 27. Bg6 Qc6
28. Qf3 Bxd4+ 29. cxd4 Qxa4 30. Qh3+ Nh6 31. Bc3 Be4 32. d5 Kg8 33. Qg3 Ng4 34.
Qh4 Qd7 35. Qh7+ Kf8 36. Qh8+ Ke7 37. Qxg7+ Kd6 38. Be5+ Nxe5 39. fxe5+ {
BDrag resigns} 1-0

[Event "ICS Rated blitz match"]
[Site "207.99.83.227"]
[Date "1999.05.20"]
[Round "?"]
[White "Hossa"]
[Black "lunarlander"]
[Result "1-0"]
[WhiteElo "2489"]
[BlackElo "2178"]
[PlyCount "55"]

1. e4 c6 2. Ne2 d5 3. e5 Bf5 4. Ng3 Bg6 5. d4 e6 6. Bd3 Bxd3 7. Qxd3 c5 8. dxc5
Qa5+ 9. Nc3 Qxc5 10. Be3 Qc8 11. Nb5 Nc6 12. Nd6+ Bxd6 13. exd6 Nf6 14. O-O O-O
15. Qa3 Qd7 16. Bg5 Ng4 17. Rad1 Nge5 18. Nh5 f6 19. Bf4 Nc4 20. Qg3 Kh8 21. b3
Nb6 22. Be3 Nc8 23. Bc5 b6 24. Ba3 Rg8 25. Rfe1 Nd8 26. Nf4 Nxd6 27. Ng6+ hxg6
28. Qh4# {lunarlander checkmated} 1-0

[Event "ICS rated blitz match"]
[Site "207.99.83.227"]
[Date "1999.05.20"]
[Round "?"]
[White "Hossa"]
[Black "JudgeTurpin"]
[Result "1/2-1/2"]
[WhiteElo "2494"]
[BlackElo "2557"]
[PlyCount "317"]

1. e4 e5 2. Nf3 Nc6 3. Bc4 Bc5 4. c3 Nf6 5. d4 exd4 6. cxd4 Bb4+ 7. Bd2 Bxd2+
8. Nbxd2 d5 9. exd5 Nxd5 10. Qb3 Na5 11. Qa4+ Nc6 12. Bxd5 Qxd5 13. O-O O-O 14.
Qb3 Qxb3 15. Nxb3 Re8 16. Rae1 Be6 17. Re3 b6 18. Rc3 Bd5 19. Rc2 g6 20. Nbd2
Re6 21. Rfc1 Rae8 22. h4 Kg7 23. a4 a6 24. Rc3 a5 25. Kh2 f6 26. Kh1 R8e7 27.
b3 f5 28. Kh2 Kf6 29. Ng5 Rd6 30. Re3 Red7 31. Rd3 Bg8 32. Rdc3 Nxd4 33. Rxc7
Ne6 34. Nxe6 Bxe6 35. Rxd7 Rxd7 36. Nc4 Rd4 37. g3 Bxc4 38. bxc4 Ke7 39. h5
gxh5 40. c5 Rxa4 41. cxb6 Rb4 42. Rc7+ Kd6 43. Rxh7 a4 44. Rxh5 f4 45. gxf4
Rxf4 46. Kg3 Rb4 47. f4 Rxb6 48. Ra5 Rb3+ 49. Kg4 Rb4 50. Kg5 Kc6 51. f5 Kb6
52. Ra8 Kb7 53. Re8 a3 54. Re7+ Kb6 55. Re6+ Kb5 56. Re5+ Kc6 57. Ra5 Rb3 58.
Ra8 Kb7 59. Ra4 Kc6 60. f6 Kd5 61. f7 Rf3 62. Kg6 Rg3+ 63. Kf6 Rf3+ 64. Ke7
Re3+ 65. Kd7 Rf3 66. Ke8 Re3+ 67. Kf8 Kd6 68. Rf4 a2 69. Ra4 Re2 70. Ra7 Ke6
71. Ra5 Kd7 72. Ra6 Rb2 73. Ra3 Ke6 74. Ra4 Kd6 75. Ra7 Ke6 76. Ra3 Kd6 77. Kg7
Rg2+ 78. Kf6 Rf2+ 79. Kg6 Ke7 80. Re3+ Kd7 81. Re1 Rg2+ 82. Kf6 Rf2+ 83. Kg7
Rg2+ 84. Kf8 Rf2 85. Re7+ Kc6 86. Ra7 Kd6 87. Ke8 Re2+ 88. Kd8 Rf2 89. Ra6+ Kc5
90. Ke7 Re2+ 91. Kf6 Rf2+ 92. Kg7 Rg2+ 93. Kh6 Rh2+ 94. Kg6 Rg2+ 95. Kf5 Rf2+
96. Ke6 Re2+ 97. Kd7 Rd2+ 98. Ke8 Re2+ 99. Kf8 Rd2 100. Ra3 Rb2 101. Kg7 Rg2+
102. Kf6 Rf2+ 103. Kg6 Rg2+ 104. Kh7 Rf2 105. Kg8 Rg2+ 106. Kh8 Rf2 107. Ra5+
Kb4 108. Rxa2 Rxf7 109. Ra1 Re7 110. Kg8 Kc4 111. Rb1 Ra7 112. Kf8 Kd5 113.
Rd1+ Kc5 114. Ke8 Kc6 115. Rb1 Rg7 116. Kd8 Rh7 117. Rd1 Rb7 118. Ke8 Rg7 119.
Kd8 Ra7 120. Ke8 Rb7 121. Kf8 Rh7 122. Ke8 Rh2 123. Kd8 Re2 124. Kc8 Re8+ 125.
Rd8 Re1 126. Kb8 Re7 127. Rd4 Re8+ 128. Ka7 Re2 129. Rc4+ Kd6 130. Kb6 Rb2+
131. Ka5 Kd5 132. Rc3 Rb1 133. Rd3+ Kc5 134. Ka4 Kc4 135. Re3 Rb2 136. Ka5 Rb5+
137. Ka4 Rb1 138. Ka5 Kc5 139. Rc3+ Kd6 140. Ka4 Rb2 141. Ka5 Kd5 142. Rd3+ Kc5
143. Ka4 Kc4 144. Ka3 Rb5 145. Rd2 Rb3+ 146. Ka4 Rb7 147. Ka5 Rb1 148. Rc2+ Kd5
149. Rd2+ Ke5 150. Re2+ Kd4 151. Rd2+ Ke4 152. Re2+ Kf5 153. Ka4 Rb7 154. Ka5
Rb3 155. Ka4 Rb8 156. Ka5 Rb7 157. Ka4 Rd7 158. Kb4 Kf4 159. Kc4 {
Game drawn by the 50 move rule} 1/2-1/2

[Event "ICS rated blitz match"]
[Site "207.99.83.227"]
[Date "1999.05.20"]
[Round "?"]
[White "lunarlander"]
[Black "Hossa"]
[Result "1/2-1/2"]
[WhiteElo "2161"]
[BlackElo "2497"]
[PlyCount "106"]

1. e4 e5 2. Nf3 Nc6 3. Bb5 Nf6 4. O-O Nxe4 5. d4 exd4 6. Re1 d5 7. Nxd4 Bd7 8.
Bxc6 Bxc6 9. f3 Bc5 10. fxe4 dxe4 11. Be3 Bxd4 12. Qxd4 O-O 13. Qxd8 Raxd8 14.
Nc3 f5 15. Rad1 Rxd1 16. Rxd1 h5 17. g3 h4 18. Kf2 Kh7 19. Bf4 hxg3+ 20. hxg3
Rf7 21. Rd2 a5 22. Nd5 Bxd5 23. Rxd5 b6 24. a4 Kg6 25. Rd4 Kf6 26. Rc4 c5 27.
Rc3 g5 28. Bc1 Kg6 29. Rb3 Rf6 30. Rb5 f4 31. gxf4 gxf4 32. c3 Kh6 33. b4 axb4
34. cxb4 e3+ 35. Kf3 cxb4 36. Rxb4 Kg5 37. Bb2 Re6 38. Rb5+ Kg6 39. Bc3 Rc6 40.
Bd4 Rc4 41. Rxb6+ Kh7 42. Bxe3 fxe3 43. Kxe3 Rxa4 44. Re6 Rc4 45. Re4 Rc2 46.
Kf4 Kg6 47. Ke5 Rd2 48. Rd4 Re2+ 49. Kd5 Kf6 50. Re4 Rd2+ 51. Rd4 Re2 52. Re4
Rd2+ 53. Rd4 53... Re2 {Game drawn by repetition} 1/2-1/2

[Event "ICS Rated standard match"]
[Site "207.99.83.227"]
[Date "1999.05.20"]
[Round "?"]
[White "larva"]
[Black "Hossa"]
[Result "0-1"]
[WhiteElo "1936"]
[BlackElo "2275"]
[PlyCount "86"]

1. d4 Nf6 2. c4 g6 3. Nc3 Bg7 4. e4 d6 5. Nge2 a6 6. g3 O-O 7. Bg2 e5 8. d5 Bg4
9. O-O Qd7 10. f3 Bh3 11. Rf2 Bxg2 12. Kxg2 c5 13. f4 Re8 14. f5 b5 15. Qd3 Ng4
16. Rf3 bxc4 17. Qxc4 Qe7 18. Bd2 Nd7 19. Raf1 g5 20. h3 Nh6 21. g4 Rab8 22.
Na4 Rb5 23. b3 Ra8 24. Ng3 f6 25. Nh5 Bh8 26. h4 Nxg4 27. Rg3 Qf7 28. Qe2 Qxh5
29. Rxg4 Bg7 30. Rh1 Qf7 31. hxg5 fxg5 32. Rxg5 Kh8 33. Qg4 Nf6 34. Qh4 Rc8 35.
Kf2 c4 36. b4 Bh6 37. Qxh6 Nxe4+ 38. Ke3 Nxg5 39. Qxg5 Rxd5 40. Nc3 Rg8 41. Qh5
Qa7+ 42. Ke2 Rg2+ 43. Ke1 43... Qf2+ {larva resigns} 0-1

[Event "ICS rated standard match"]
[Site "207.99.83.227"]
[Date "1999.05.20"]
[Round "?"]
[White "Matula"]
[Black "Hossa"]
[Result "0-1"]
[WhiteElo "2200"]
[BlackElo "2267"]
[PlyCount "64"]

1. d4 Nf6 2. c4 e6 3. Nc3 Bb4 4. e3 Ne4 5. Qc2 d5 6. Bd3 Nf6 7. Nf3 dxc4 8.
Bxc4 Bd7 9. O-O O-O 10. Bd2 Nc6 11. Rac1 Bd6 12. e4 e5 13. dxe5 Nxe5 14. Nxe5
Bxe5 15. Rfd1 Qe8 16. Be3 Bxc3 17. bxc3 Ba4 18. Bb3 Bxb3 19. Qxb3 Qxe4 20. Rd4
Qe7 21. Qxb7 a5 22. Bg5 Rab8 23. Qf3 Rfe8 24. h4 Rb6 25. Rcd1 Re6 26. Kh2 h6
27. Be3 Ne4 28. Rh1 Nxc3 29. Rg4 Qd6+ 30. Bf4 Qc6 31. Qg3 Ne2 32. Rxg7+ 32...
Kh8 {Matula resigns} 0-1

[Event "ICS rated standard match"]
[Site "207.99.83.227"]
[Date "1999.05.20"]
[Round "?"]
[White "Hossa"]
[Black "TINMAN"]
[Result "1-0"]
[WhiteElo "2268"]
[BlackElo "1913"]
[PlyCount "51"]

1. d4 g6 2. Nc3 Bg7 3. e4 d6 4. Bb5+ Bd7 5. Be2 h6 6. Nf3 Nc6 7. O-O e5 8. d5
Nce7 9. Nd2 Nf6 10. f4 O-O 11. fxe5 dxe5 12. Nb3 b6 13. Qd3 c6 14. d6 Nc8 15.
Nd2 Ne8 16. Qg3 Ncxd6 17. Nf3 Qc7 18. Nxe5 Nxe4 19. Nxe4 Bxe5 20. Qh4 h5 21. c3
Bf5 22. Bh6 Ng7 23. Nf6+ Kh8 24. Bxg7+ Kxg7 25. Rxf5 gxf5 26. Qg5+ {
TINMAN resigns} 1-0

[Event "ICS rated standard match"]
[Site "207.99.83.227"]
[Date "1999.05.20"]
[Round "?"]
[White "Grok"]
[Black "Hossa"]
[Result "1-0"]
[WhiteElo "2160"]
[BlackElo "2272"]
[PlyCount "124"]

1. d4 Nf6 2. c4 g6 3. Nc3 Bg7 4. e4 d6 5. Be2 O-O 6. Nf3 e5 7. O-O Nc6 8. d5
Ne7 9. b4 Nd7 10. Nd2 f5 11. c5 dxc5 12. Qb3 Kh8 13. Ba3 cxb4 14. Qxb4 Rf7 15.
d6 cxd6 16. Qxd6 Nc6 17. Rad1 Rf6 18. Qd5 Ne7 19. Qd3 Rf7 20. Nc4 Bf6 21. Nd6
Rg7 22. exf5 Nxf5 23. Nxf5 gxf5 24. Qxf5 Qa5 25. Bb2 Qb4 26. Ba1 Qf4 27. Qxf4
exf4 28. Nd5 Bxa1 29. Rxa1 Rf7 30. Rfe1 Nc5 31. Rac1 b6 32. Bh5 Rf5 33. Re8+
Kg7 34. Re7+ Kh6 35. Bf3 Bb7 36. Rxc5 bxc5 37. Rxb7 Rd8 38. Nc3 Re5 39. h4 a5
40. Be4 Rh8 41. Rf7 Ree8 42. Rf5 Rc8 43. Rf6+ Kg7 44. Rxf4 Rhf8 45. Rg4+ Kh8
46. Rg5 Rfe8 47. f3 Rg8 48. Re5 Rg3 49. Nd5 Rf8 50. Ne7 Rg7 51. Nc6 Rfg8 52. g4
c4 53. Rxa5 Rc8 54. a4 c3 55. Rc5 Ra7 56. a5 Ra6 57. Kf2 Rc7 58. Ke3 Kg7 59.
Kd4 Rf7 60. Rxc3 Rf6 61. g5 Rf7 62. h5 62... Kh8 {Hossa resigns} 1-0

[Event "ICS Rated standard match"]
[Site "207.99.83.227"]
[Date "1999.05.21"]
[Round "?"]
[White "Hossa"]
[Black "Grok"]
[Result "1-0"]
[WhiteElo "2265"]
[BlackElo "2212"]
[PlyCount "65"]

1. c4 Nf6 2. d4 c5 3. e3 g6 4. Be2 Qc7 5. Nf3 cxd4 6. exd4 d6 7. Nc3 Bf5 8. Nb5
Qd8 9. Qa4 Nbd7 10. O-O Bg7 11. Nh4 Be4 12. Nc3 O-O 13. Nxe4 Nxe4 14. Bd3 d5
15. cxd5 Nb6 16. Qa3 f5 17. Nf3 Re8 18. Bxe4 fxe4 19. Ng5 Qxd5 20. Qh3 h6 21.
Ne6 Qf5 22. Qxf5 gxf5 23. Nc7 Bxd4 24. Bxh6 Bxb2 25. Rad1 Be5 26. Nxe8 Rxe8 27.
Be3 Nc4 28. Rd5 Bxh2+ 29. Kxh2 e5 30. Rc5 Nxe3 31. fxe3 f4 32. exf4 exf4 33.
Rxf4 {Grok resigns} 1-0

[Event "ICS rated standard match"]
[Site "207.99.83.227"]
[Date "1999.05.21"]
[Round "?"]
[White "valar"]
[Black "Hossa"]
[Result "1/2-1/2"]
[WhiteElo "2034"]
[BlackElo "2272"]
[PlyCount "188"]

1. d4 Nf6 2. c4 c5 3. d5 g6 4. Nc3 Bg7 5. e4 O-O 6. Be2 Qa5 7. Bd2 Qb6 8. Qc2
d6 9. Nf3 e5 10. O-O Bg4 11. Ne1 Bxe2 12. Nxe2 Na6 13. a3 Rae8 14. f3 Nb8 15.
Be3 Qa6 16. Nd3 b5 17. cxb5 Qxb5 18. b4 cxb4 19. axb4 Rc8 20. Qd2 a6 21. Rfc1
Kh8 22. Nc3 Qc4 23. Na4 Qb5 24. Nb6 Rxc1+ 25. Rxc1 Rd8 26. Qc3 Nbd7 27. Nxd7
Nxd7 28. Qc4 f5 29. Qxb5 axb5 30. Rc6 Bf8 31. Bb6 Ra8 32. Ba5 fxe4 33. fxe4 Nf6
34. Nf2 Rb8 35. Kf1 Rb7 36. Ke2 h5 37. h3 Be7 38. Kd3 Kg7 39. Nd1 Ne8 40. Nc3
Bh4 41. Bb6 Be7 42. Nxb5 Kh7 43. Nc7 Nf6 44. Ne6 Kg8 45. Ba5 Ne8 46. Rc8 Kf7
47. Rc6 Kg8 48. Nc7 Nf6 49. b5 Nd7 50. b6 Nc5+ 51. Ke3 Nb3 52. Bc3 Kf7 53. Nb5
Rd7 54. Rc7 Rd8 55. b7 Rb8 56. Bxe5 dxe5 57. d6 Na5 58. Rxe7+ Kf6 59. Nc3 Nc4+
60. Kf3 Nxd6 61. Nd5+ Kg5 62. g3 Kh6 63. Nf6 Kg5 64. Nh7+ Kh6 65. h4 Rxb7 66.
Rxb7 Nxb7 67. Ng5 Kg7 68. g4 Nc5 69. gxh5 gxh5 70. Ke3 Kf6 71. Nf3 Ne6 72. Kd3
Nf4+ 73. Kc4 Ke6 74. Kc5 Ng2 75. Kc6 Ne3 76. Ng5+ Ke7 77. Nf3 Ng4 78. Kd5 Kf6
79. Ng5 Ne3+ 80. Kd6 Ng4 81. Nf3 Nf2 82. Kd5 Nd3 83. Ng5 Ne1 84. Kc4 Ng2 85.
Nf3 Nf4 86. Kc5 Ke6 87. Kc6 Nh3 88. Kc7 Nf2 89. Ng5+ Ke7 90. Kc6 Nd3 91. Kd5
Kf6 92. Nf3 Nb4+ 93. Kd6 Nd3 94. Kd5 94... Nb4+ {Game drawn by mutual agreement
} 1/2-1/2

[Event "ICS rated standard match"]
[Site "207.99.83.227"]
[Date "1999.05.21"]
[Round "?"]
[White "Hossa"]
[Black "Pinhead"]
[Result "1-0"]
[WhiteElo "2267"]
[BlackElo "2005"]
[PlyCount "64"]

1. d4 Nf6 2. e3 c5 3. Be2 cxd4 4. exd4 d5 5. Nf3 Nc6 6. Ne5 e6 7. Nxc6 bxc6 8.
Bf4 Bd6 9. Bxd6 Qxd6 10. c3 O-O 11. O-O c5 12. dxc5 Qxc5 13. Nd2 a5 14. Qa4 Bd7
15. Qf4 a4 16. Qe5 Rfb8 17. b4 axb3 18. axb3 Qb6 19. Rfe1 Bb5 20. Bxb5 Qxb5 21.
Qe3 Ng4 22. Qg3 h5 23. Qf3 e5 24. Rxa8 Rxa8 25. c4 e4 26. Qxg4 dxc4 27. Qxe4
Ra2 28. bxc4 Qb2 29. Rb1 Ra1 30. Qe8+ Kh7 31. Qe1 Rxb1 32. Qxb1+ 32... Qxb1+ {
Pinhead resigns} 1-0